Pla de formació per a responsables d'àrees d'educació
Descripción Física:
1 díptic ; 21 cm
MARC
| LEADER | 00000nam a2200000Ia 4500 | ||
|---|---|---|---|
| 001 | 24326 | ||
| 008 | 160829s2001 xx 000 0 cat d | ||
| 080 | |a FU-64-141 | ||
| 245 | |a Pla de formació per a responsables d'àrees d'educació | ||
| 260 | |a Barcelona : |b Diputació de Barcelona. Àrea d'Educació, |c 2001 | ||
| 300 | |a 1 díptic ; |c 21 cm | ||
| 590 | |a A la coberta: Seminari sobre els estàndards europeus d'avaluació qualitativa i la seva aplicació als programes de promoció educativa en l'àmbit municipal | ||
| 650 | |a Personal |x Formació |x Barcelona (Província) |9 50314 | ||
| 710 | |a Barcelona (Catalunya : Província). |b Àrea d'Educació |9 8009 | ||
| 901 | |a Arxiu | ||
| 942 | |n 1 | ||
| 952 | |0 0 |1 0 |4 0 |6 FU64141 |7 1 |9 55910 |a Arxiu |b Arxiu |d 2016-12-01 |l 0 |o FU-64-141 |p 24326 |r 2016-12-01 00:00:00 |w 2016-12-01 |y ARXIU | ||
| 999 | |c 59783 |d 59783 | ||